|
|
|
|
| LEADER |
00000nam a2200000 a 4500 |
| 001 |
vtls009623622 |
| 003 |
SK-MaSNL |
| 005 |
20260301171415.0 |
| 008 |
240314s2005 xxua g f 001 0 eng |
| 020 |
|
|
|a 1580086748
|q (brož.)
|
| 020 |
|
|
|a 9781580086745
|q (brož.)
|
| 040 |
|
|
|a SNK
|b slo
|c SNK
|e AACR2
|
| 041 |
0 |
|
|a eng
|
| 043 |
|
|
|a n-us-ca
|
| 044 |
|
|
|a xxu
|c US
|
| 072 |
|
7 |
|a 72
|x Architektúra
|2 konspekt
|
| 080 |
|
|
|a 72:904
|2 2001
|
| 080 |
|
|
|a 72
|2 2001
|
| 080 |
|
|
|a (739.4)
|2 2001
|
| 080 |
|
|
|a (036)
|2 2001
|
| 100 |
1 |
|
|a Woodbridge, Sally Byrne
|4 aut
|9 539033
|
| 245 |
1 |
0 |
|a San Francisco architecture
|b an illustrated guide to the outstanding buildings, public artworks, and parks in the bay area of California
|c Sally B. Woodbridge, John M. Woodbridge, Chuck Byrne
|
| 250 |
|
|
|a Rev. ed.
|
| 260 |
|
|
|a Berkeley
|b Ten Speed Press
|c c2005
|
| 300 |
|
|
|a ix, 323 s.
|b ilustr.
|c 23 cm
|
| 500 |
|
|
|a Obsahuje reg.
|
| 650 |
0 |
7 |
|a architektonické pamiatky
|2 SNKPH
|9 28990
|
| 650 |
0 |
7 |
|a architektúra
|2 SNKPH
|9 722
|
| 651 |
|
7 |
|a San Francisco (Calif.)
|2 SNKPH
|9 27208
|
| 655 |
|
7 |
|a turistickí sprievodcovia (publikácie)
|2 SNKPH
|9 191298
|
| 700 |
1 |
|
|a Woodbridge, John Marshall
|4 aut
|9 539034
|
| 700 |
1 |
|
|a Byrne, Chuck,
|d 1943-
|4 aut
|9 539035
|
| 919 |
|
|
|a 1-58008-674-8
|
| 919 |
|
|
|a 978-1-58008-674-5
|
| 999 |
|
|
|c 830739
|d 832669
|
| 952 |
|
|
|t snkSAN 72
|a SNKUST
|b SNKUST
|y PREZ
|7 0
|p 17A0625093
|o snkIC 137917
|i snk2006/397
|8 2
|g 35.00
|0 0
|1 0
|4 0
|d 2009-07-02
|l 0
|r 2025-03-20 00:00:00
|w 2026-02-24
|